000 00312nam a22001337a 4500
008 250508b |||||||| |||| 00| 0 eng d
020 _a9781933348155
050 _aNK 1167
_b.U55
100 _aDelbert Unruh
245 _aJules Fisher
260 _aNew York
_bDavid R odger
_c2009
300 _a127p.
942 _cBK
999 _c3368
_d3368